Most Common Ancestries In Canada - Statistics

General Stats
  • This quiz has been taken 59 times
  • The average score is 19 of 30
Answer Stats
Total Ancestry % Correct
9,8 mil French
98%
1,8 mil Chinese
92%
3,0 mil German
92%
11,2 mil British
90%
1,6 mil Indian
88%
4,5 mil Irish
88%
1,5 mil Italian
84%
602,000 Russian
82%
1,2 mil Ukrainian
82%
990,000 Polish
80%
285,000 Korean
76%
452,800 Portuguese
72%
334,500 Swedish
72%
466,700 Norwegian
68%
1,1 mil Filipino
66%
323,000 Vietnamese
66%
95,000 Japanese
64%
988,200 Dutch
62%
1,5 mil African
58%
350,000 Spanish
58%
1,8 mil Indigenous
56%
196,800 Danish
54%
690,000 Arab
48%
320,000 Hungarian
46%
282,450 Jewish
46%
189,500 Austrian
38%
103,000 Romani
34%
130,000 Croatian
26%
770,500 Latin American
26%
137,850 Flemish
4%
No matching quizzes found
Score Distribution
Percent of People with Each Score
Percentile by Number Answered
Your Score History
You have not taken this quiz